Testovanie stability Okunovho zákona v SR

Analýza zamestnanosti prostredníctvom Okunovho zákona a testovanie jeho stability v podmienkach SR.

Saved in:
Bibliographic Details
Main Author: König, Brian, 1983-
Format: Book Chapter
Language:Slovak
Subjects:
Tags: Add Tag
No Tags, Be the first to tag this record!

MARC

LEADER 00000naa a2200000 4500
001 0201010
005 20240502073409.4
041 0 |a slo 
044 |a SK 
245 1 0 |a Testovanie stability Okunovho zákona v SR  |c Brian König 
520 |a Analýza zamestnanosti prostredníctvom Okunovho zákona a testovanie jeho stability v podmienkach SR. 
610 2 0 |a testovanie hypotéz 
610 2 0 |a Slovensko 
610 2 0 |a miera nezamestnanosti 
610 2 0 |a analýza regresná 
610 2 0 |a rast hospodársky 
610 2 0 |a modely ekonometrické 
100 1 |a König, Brian, 1983-